000 03687nam0a2200481 4500
001 RU\NLR\BIBL_A\022135743
005 20240724153108.0
010 _a978-5-9273-3694-4
_920
021 _aRU
_bКН-П-24-000433
_9КН-П-24-0036
035 _a(NLR Aleph) 022135743
090 _a12849586
_c12849586
100 _a20240213d2023 k y0rusy50 ca
101 0 _arus
102 _aRU
105 _aac z 100yy
181 0 _ai3
_baxxe
182 0 _an
200 1 _aГлобальные вызовы современности и духовный выбор человека
_eматериалы ежегодных Митрофановских церковно-исторических чтений (г. Борисоглебск, 7 декабря 2022 г.), [проходивших в рамках регионального этапа XXXI Международных Рождественских образовательных чтений - 2023]
_fРусская Православная Церковь (Московский Патриархат), Воронежская митрополия, Борисоглебская епархия [и др.]
_gответственный редактор: иерей Ярослав Манохин
203 _aТекст
_bвизуальный
_cнепосредственный
210 _aВоронеж
_cИздательский дом ВГУ
_d2023
215 _a241 с.
_cил., портр.
_d21
309 _aНа тит. с. и над вып. дан.: Вып. 7. Ежегодные Митрофановские чтения имеют разные загл.
320 _aБиблиогр. в конце ст.
606 1 _aПравославие и культура
_jСъезды, совещания и т.п
_92252559
_3RU\NLR\AUTH\661351044
606 1 _aДети
_jСъезды, совещания и т.п
_xДуховно-нравственное воспитание
_92497542
_3RU\NLR\AUTH\661481507
606 1 _aРусская филология
_jСъезды, совещания и т.п
_91533718
_3RU\NLR\AUTH\66969420
606 1 _aИскусство
_jСъезды, совещания и т.п
_9934834
_3RU\NLR\AUTH\6626297
686 1 _aЧ313.52я431
686 1 _aШ041.2я431
686 1 _aЩ,0я431
686 2 _aЭ372.24-117.3я431
702 1 _aМанохин
_bЯ. В.
_gЯрослав Викторович
_4340
711 1 2 _a"Глобальные вызовы современности и духовный выбор человека", митрофановские церковно-исторические чтения
_eБорисоглебск
_f2022
_9879557
_3RU\NLR\AUTH\880607706
711 1 2 _aМеждународные Рождественские образовательные чтения
_d31
_eМосква
_f2023
_9843097
_3RU\NLR\AUTH\880588660
712 0 2 _4570
_aБорисоглебская епархия
_9637090
_3RU\NLR\AUTH\880488336
942 _cBOOK
980 _aNB